Normal view MARC view
  • Information Securit-MS-Thesis

Entry Topical Term

Number of records used in: 1

001 - CONTROL NUMBER

  • control field: 35402

003 - CONTROL NUMBER IDENTIFIER

  • control field: NUST

005 - DATE AND TIME OF LATEST TRANSACTION

  • control field: 20201119085947.0

008 - FIXED-LENGTH DATA ELEMENTS

  • fixed length control field: 201119|| aca||aabn | a|a d

040 ## - CATALOGING SOURCE

  • Original cataloging agency: NUST
  • Transcribing agency: NUST

150 ## - HEADING--TOPICAL TERM

  • Topical term or geographic name entry element: Information Securit-MS-Thesis

670 ## - SOURCE DATA FOUND

  • Source citation: Work cat.: (NUST): Ashraf, Naveeda 35401, Analysis of Hardware Rooted Security System Implementation in Mobile Devices /, 2017.
© 2023 Central Library, National University of Sciences and Technology. All Rights Reserved.